000 00594cam a22002053a 4500
001 39497
003 PGUSA
005 20140828083858.0
008 120421s2012||||xxu|||||s|||||000 | eng d
040 _aPGUSA
_beng
042 _adc
100 1 _aBartlett, William Chauncey
245 1 2 _aA Breeze from the Woods, 2nd Ed.
_h[electronic resource] /
_cWilliam Chauncey Bartlett
260 _bProject Gutenberg,
_c2012
506 _aPublic domain in the USA.
516 _aElectronic text
830 0 _aProject Gutenberg
_v39497
856 4 0 _uhttp://www.gutenberg.org/ebooks/39497
942 _cEB
999 _c268750
_d268750